Normal view
MARC view
- المعرفة - اختبارات-أسئلة
Entry Topical Term
001 - CONTROL NUMBER
- control field: 36912
003 - CONTROL NUMBER IDENTIFIER
- control field: JO-AjAnu
005 - DATE AND TIME OF LATEST TRANSACTION
- control field: 20230606080147.0
008 - FIXED-LENGTH DATA ELEMENTS
- fixed length control field: 230606|| aca||aabn | a|a d
040 ## - CATALOGING SOURCE
- Original cataloging agency: JO-AjAnu
- Transcribing agency: JO-AjAnu
150 ## - HEADING--TOPICAL TERM
- Topical term or geographic name entry element: المعرفة - اختبارات-أسئلة
670 ## - SOURCE DATA FOUND
- Source citation: Work cat.: (JO-AjAnu)18945: الموصلي، سامي أحمد, author 36911, الاسئلة الخالدة